000 00403nam a2200157 4500
005 20260305132546.0
008 CU66
020 _a0071116824
050 _aHF 5718.7Y68 YOU
100 _aYOUNG DONA J.
245 _aFOUNDATIONS OF BUSINESS COMMUNICATION
_bAN INTEGRATIVE APPROACH
260 _aBOSTON
_bMcGRAW HILL
_c2006
300 _aXXIX,538p.,ILLUS.
500 _aGLOSSARY,INDEX
942 _2lcc
_cBK
_n0
999 _c8893
_d8893